000 00856nmm a2200265 a 4500
001 ocm000716496
003 TR-IsHL
005 20201028153527.0
008 140402s2010 tu tur
007 cr cn
020 _a9789756628812
035 _a716496
_b(N$T)
050 0 4 _aPL240
_b.Z46 2010
090 0 4 _aPL240
_b.Z46 2010
100 1 _aZengin, H. Salih
245 1 0 _aŞişkonun bütün adamları
_h[electronic resource] /
_cH. Salih Zengin
260 _aİstanbul :
_bAğaç Kitabevi Yayınları,
_c2010
300 _a206 p.
650 4 _aDil ve Edebiyat
650 4 _aLanguage and Literature
650 0 _aÇocuk edebiyatı
650 0 _aChildren's literature
650 7 _aLITERARY CRITICISM / Children's Literature
_2bisacsh
856 4 0 _uhttp://search.ebscohost.com/login.aspx?direct=true&scope=site&db=e011xww&AN=716496
999 _c12093
_d12093